Natural Wonders of the World - Statistics

General Stats
  • This quiz has been taken 23 times
  • The average score is 16 of 60
Answer Stats
Picture Answer % Correct
Grand Canyon
95%
Mount Everest
81%
Great Barrier Reef
76%
Kilimanjaro
71%
Uluru
71%
Aurora Borealis
62%
Angel Falls
57%
Cliffs of Dover
57%
Mount Fuji
57%
Old Faithful
57%
Avenue of Baobabs
52%
Krakatoa
52%
Yellowstone Caldera
48%
Delicate Arch
43%
Giant's Causeway
43%
Redwood Forrests
43%
Crater Lake
38%
Mato Tipila
38%
Table Mountain
38%
Victoria Falls
38%
Great Blue Hole
33%
Matterhorn
33%
Iguazú Falls
29%
Yosemite
29%
Dead Sea
24%
Eye of the Sahara
24%
Monument Valley
24%
Pamukkale
24%
Barringer Crater
19%
Black Forest
19%
Chocolate Hills
19%
Ha Long Bay
19%
Mount Roraima
19%
Vinicunca
19%
Zhangye Danxia
19%
Petrified Forest
14%
Zhangjiajie
14%
Diamondhead
10%
Lake Baikal
10%
Torres del Paine
10%
Danakil Depression
5%
Gullfoss
5%
Ik-Kil
5%
Le Morne Underwater Waterfall
5%
Lysefjord
5%
Pantanal
5%
Piopiotahi
5%
Red Beach
5%
Sahara El Beyda
5%
Tsingy De Bemaraha
5%
Zugspitze
5%
Eternal Flame Falls
0%
Gobustan
0%
Heaven Lake
0%
Lake Retba
0%
Mapu'a Vaea Blowholes
0%
Mauna Loa
0%
Pantai Merah
0%
Spotted Lake
0%
Ubsunur Hollow
0%
No matching quizzes found
Score Distribution
Percent of People with Each Score
Percentile by Number Answered
Your Score History
You have not taken this quiz